Demográfiai évkönyv 1990 <A> Demográfiai Évkönyv 1990 angol nyelvü melléklete

Salvato in:
Dettagli Bibliografici
Natura: Libro
Lingua:inglese
Pubblicazione: Budapest Központi statisztikai hivatal 1990
Edizione:1. kiadás.
Soggetti:
Tags: Aggiungi Tag
Nessun Tag, puoi essere il primo ad aggiungerne!!

MARC

LEADER 00000nam a2200000 4500
001 c002214
005 20250116131650.2
041 0 |a eng 
044 |a HU 
245 1 0 |a Demográfiai évkönyv 1990  |b <A> Demográfiai Évkönyv 1990 angol nyelvü melléklete 
250 |a 1. kiadás. 
264 1 |a Budapest  |b Központi statisztikai hivatal  |c 1990 
300 |a 70 s. 
610 2 0 |a Maďarsko 
610 2 0 |a demografia 
610 2 0 |a populácia 
610 2 0 |a pôrodnosť 
610 2 0 |a úmrtnosť 
610 2 0 |a migrácia 
610 2 0 |a reprodukcia obyvateľstva